The historical anthropology of early modern Italy : essays on perception and communication
Αποθηκεύτηκε σε:
| Κύριος συγγραφέας: | |
|---|---|
| Μορφή: | Βιβλίο |
| Γλώσσα: | English |
| Δημοσίευση: |
Cambridge :
Cambridge University Press,
1989
|
| Θέματα: | |
| Ετικέτες: |
Προσθήκη ετικέτας
Δεν υπάρχουν, Καταχωρήστε ετικέτα πρώτοι!
|
MARC
| LEADER | 00000nam a2200000 i 4500 | ||
|---|---|---|---|
| 001 | 1/93483 | ||
| 008 | 940523s1989 eng d | ||
| 020 | |a 0-521-32041-0 | ||
| 035 | |l 10008846 | ||
| 040 | |a GR-MY-UA |b gre |e aacr | ||
| 041 | 0 | |a eng | |
| 082 | 0 | |a 945 |2 (21) | |
| 100 | 1 | |a Burke, Peter |d 1937- | |
| 245 | 1 | 4 | |a The historical anthropology of early modern Italy : |b essays on perception and communication / |c Peter Burke |
| 260 | |a Cambridge : |b Cambridge University Press, |c 1989 | ||
| 300 | |a 281 σ. | ||
| 500 | |a Βιβλιογραφία: σ.261-276. Ευρετήριο | ||
| 651 | 0 | |a Italy |x Civilization |y 1268-1559. | |
| 651 | 0 | |a Italy |x Civilization |y 1559-1789. | |
| 852 | |a INST |b LESVOS |e 19940523 |h 945 BUR |p 005100005422 |q 005100005422 |t BK |y 0 | ||
| 909 | |a Λ |b 021683 | ||